| 000 | 00663na a2200205 4500 | ||
|---|---|---|---|
| 001 | 19133 | ||
| 003 | MIRAKIL | ||
| 005 | 20181213155056.0 | ||
| 008 | 161208b tu 000 0 | ||
| 040 |
_aMilas _btur _cTR-AnCHP |
||
| 041 | _atur | ||
| 082 |
_a371.782 _bO48 2007 |
||
| 090 | _a371.782 O48 2007 | ||
| 245 |
_aOkullarda şiddetin önlenmesi, mevcut uygulamalar ve sonuçları _ced.: Selahattin Gelbal. |
||
| 260 |
_aAnkara _bTürk Eğitim Derneği _c2007 |
||
| 300 |
_a172 s. _bres.,tbl.; _c24 sm. |
||
| 650 |
_aOkul organizasyonu ve yönetim _xŞiddeti azaltmak için uygulanan programlar _zTürkiye |
||
| 700 | _aGelbal, Selahattin | ||
| 942 |
_2ddc _cBKS |
||
| 999 |
_c6092 _d6092 |
||